[Event "GER-chT Youth Countries 2018"]
[Site "Wurzburg"]
[Date "2018.10.06"]
[Round "6"]
[White "Dietz, Kristin"]
[Black "Lutz, Adam"]
[Result "1/2-1/2"]
[WhiteElo "1762"]
[BlackElo "1787"]
[Annotator "NA RC"]
[PlyCount "74"]
[EventDate "2018.10.03"]
[EventType "team-tourn"]
[EventCountry "GER"]
[SourceTitle "playchess.com"]
[Source "ChessBase"]
[SourceQuality "1"]
[TimeControl "40/5400+30:1800+30"]

1. e4 {[%emt 0:00:00]} c5 {[%emt 0:00:00]} 2. Nf3 {[%emt 0:00:00]} e6 {[%emt 0:00:00]} 3. d4 {[%emt 0:00:00]} cxd4 {[%emt 0:00:00]} 4. Nxd4 {[%emt 0:00:00]} Nf6 {[%emt 0:00:00]} 5. Nc3 {[%emt 0:00:00]} d6 {[%emt 0:00:00]} 6. Be2 {[%emt 0:00:21]} a6 {[%emt 0:00:13]} 7. O-O {[%emt 0:00:37]} Qc7 {[%emt 0:00:22]} 8. Be3 {[%emt 0:02:01]} b5 {[%emt 0:00:20]} 9. a3 {[%emt 0:01:46]} Bb7 {[%emt 0:00:11]} 10. Bd3 {[%emt 0:01:00]} Nbd7 {[%emt 0:00:54]} 11. f4 {[%emt 0:01:10]} Be7 {[%emt 0:00:41]} 12. Kh1 {[%emt 0:04:19]} O-O {[%emt 0:01:42]} 13. Qe1 {[%emt 0:02:17]} Nc5 {[%emt 0:01:23]} 14. Bg1 {[%emt 0:00:56]} Rac8 {[%emt 0:02:24]} 15. Rc1 {[%emt 0:01:30]} Qb8 {[%emt 0:02:23]} 16. Nf3 {[%emt 0:09:59]} Rfd8 {[%emt 0:05:02]} 17. e5 {[%emt 0:11:19]} Nxd3 {[%emt 0:03:24]} 18. cxd3 {[%emt 0:00:08]} Nd5 {[%emt 0:01:42]} 19. Nxd5 {[%emt 0:00:33]} Bxd5 {[%emt 0:00:30]} 20. Qg3 {[%emt 0:03:58]} Rxc1 {[%emt 0:03:12]} 21. Rxc1 {[%emt 0:00:03]} Rc8 {[%emt 0:00:22]} 22. Rxc8+ {[%emt 0:06:08]} Qxc8 {[%emt 0:00:12]} 23. Nd4 {[%emt 0:02:30]} Qc1 {[%emt 0:01:36]} 24. Qf2 {[%emt 0:00:30]} dxe5 {[%emt 0:02:21]} 25. fxe5 {[%emt 0:00:04]} Bc5 {[%emt 0:00:47]} 26. Qc2 {[%emt 0:00:20]} Qf1 {[%emt 0:05:00]} 27. Qe2 {[%emt 0:02:07]} Qxe2 {[%emt 0:03:15]} 28. Nxe2 {[%emt 0:00:02]} Be7 {[%emt 0:00:44]} 29. b4 {[%emt 0:01:55]} Bg5 {[%emt 0:01:21]} 30. Bc5 {[%emt 0:00:31]} f6 {[%emt 0:01:06]} 31. exf6 {[%emt 0:04:07]} gxf6 {[%emt 0:00:37]} 32. Kg1 {[%emt 0:00:28]} Kf7 {[%emt 0:00:29]} 33. Kf2 {[%emt 0:01:18]} e5 {[%emt 0:00:52]} 34. g3 {[%emt 0:01:11]} f5 {[%emt 0:00:43]} 35. Be3 {[%emt 0:00:30]} Be7 {[%emt 0:00:37]} 36. Nc3 {[%emt 0:04:17]} Bc6 {[%emt 0:01:57]} 37. d4 {[%emt 0:01:24]} exd4 {[%emt 0:02:37]} 1/2-1/2

[Event "GER-chT Youth Countries 2018"]
[Site "Wurzburg"]
[Date "2018.10.06"]
[Round "6"]
[White "Genov, Valentin"]
[Black "Leser, Katrin"]
[Result "0-1"]
[WhiteElo "1756"]
[BlackElo "2018"]
[Annotator "NA RC"]
[PlyCount "102"]
[EventDate "2018.10.03"]
[EventType "team-tourn"]
[EventCountry "GER"]
[SourceTitle "playchess.com"]
[Source "ChessBase"]
[SourceQuality "1"]
[TimeControl "40/5400+30:1800+30"]

{[%evp 17,90,-12,27,20,20,24,20,0,5,10,28,-29,8,-38,86,0,10,7,33,37,41,17,20,25,62,5,25,0,0,-35,-16,-77,4,4,12,-70,-54,-58,-64,-122,-51,-43,-54,-154,-95,-102,32767,-123,-121,-139,-127,-129,-115,-179,32767,-176,-196,-189,-183,-250,-193,-204,32767,32767,32767,-183,-210,-192,-181,32767,-238,-327,-268,-556,-604]} 1. d4 {[%emt 0:00:00]} Nf6 {[%emt 0:00:00]} 2. c4 {[%emt 0:00:00]} e6 {[%emt 0:00:00]} 3. Nc3 {[%emt 0:00:00]} d5 {[%emt 0:00:00]} 4. Bg5 {[%emt 0:00:04]} Be7 {[%emt 0:00:00]} 5. Nf3 {[%emt 0:00:10]} O-O {[%emt 0:00:31]} 6. Qc2 {[%emt 0:01:40]} h6 {[%emt 0:00:40]} 7. Bh4 {[%emt 0:01:56]} b6 {[%emt 0:00:48]} 8. Bxf6 {[%emt 0:00:27] D53: Queen's Gambit Declined: 4 Bg5 Be7: Early deviations} (8. cxd5 Nxd5 9. Nxd5 exd5 10. Bxe7 Qxe7 11. Rc1 c5 12. dxc5 Bg4 13. e3 Bxf3 14. gxf3 Rc8 15. Qd2 Rxc5 16. Rxc5 Qxc5 {½-½ (31) Onischuk,A (2664)-Akobian,V (2615) Saint Louis 2016}) 8... Bxf6 {[%emt 0:00:19]} 9. e4 {[%emt 0:00:06]} Bb7 {[%emt 0:12:55]} 10. cxd5 {[%emt 0:17:50]} exd5 {[%emt 0:00:49]} 11. e5 {[%emt 0:01:45] LiveBook: 5 Games} Be7 {[%emt 0:00:41]} 12. Bd3 {[%emt 0:03:37]} c5 {[%emt 0:01:53]} 13. O-O {[%emt 0:02:41]} Nc6 {[%emt 0:04:20]} 14. Ne2 $146 {[%emt 0:10:55]} ({Predecessor:} 14. Bf5 Ba6 15. Rfd1 cxd4 16. Nxd4 Nxe5 {1-0 (33) Mar,C (2419)-Samatra,M (1914) San Francisco 2006}) 14... Bc8 {[%emt 0:09:57]} 15. h3 {[%emt 0:07:55]} f6 {[%emt 0:16:59]} (15... Nb4 $15 16. Qb1 Nxd3 17. Qxd3 a5) 16. exf6 {[%emt 0:07:14]} ({White should play} 16. Rad1 $16) 16... Rxf6 {[%emt 0:01:04]} 17. Ne5 {[%emt 0:11:59]} Nxd4 {[%emt 0:11:19]} 18. Nxd4 {[%emt 0:00:09]} cxd4 {[%emt 0:00:18]} 19. Rfe1 {[%emt 0:11:42]} Bc5 {[%emt 0:05:29]} 20. a3 {[%emt 0:08:53]} Bb7 {[%emt 0:04:08]} 21. b4 {[%emt 0:02:04]} (21. Ng4 $16) 21... Bd6 {[%emt 0:00:31]} 22. f4 {[%emt 0:05:30]} Rc8 {[%emt 0:02:56]} 23. Qd2 {[%emt 0:00:42]} ({White should play} 23. Qf2 $14) 23... Rc3 {[%emt 0:04:07]} 24. Bf1 {[%emt 0:01:05]} Qc7 {[%emt 0:03:39]} (24... Qc8 $1 $15 25. Qxd4 Rg3) 25. Qxd4 {[%emt 0:01:02]} Rc2 {[%emt 0:02:51]} 26. Bd3 {[%emt 0:00:58]} (26. Re3 $11) 26... Qc3 $1 {[%emt 0:01:59]} 27. Qxc3 {[%emt 0:00:42]} Rxc3 {[%emt 0:00:04]} 28. Rec1 {[%emt 0:01:16]} (28. Rad1 $1 $15) 28... Rxc1+ {[%emt 0:00:36]} (28... Rb3 $17 29. Rcb1 Rxb1+ 30. Rxb1 Rxf4) 29. Rxc1 {[%emt 0:00:05]} Rxf4 {[%emt 0:00:13]} 30. Nf3 {[%emt 0:00:39]} ({White should play} 30. Nc6 $1 $15) 30... d4 {[%emt 0:03:19]} (30... a5 $142 31. bxa5 bxa5) 31. Kf2 {[%emt 0:00:53]} Kf7 {[%emt 0:04:42]} 32. Bc4+ {[%emt 0:00:52]} Kf6 {[%emt 0:00:14]} 33. Rd1 {[%emt 0:00:06]} a5 {[%emt 0:01:57]} 34. bxa5 {[%emt 0:01:20]} bxa5 {[%emt 0:00:09]} 35. a4 {[%emt 0:00:10]} (35. Rb1 $17 Be4 36. Rb6) 35... Bb4 {[%emt 0:01:14]} 36. Bb5 {[%emt 0:00:33]} Bd5 {[%emt 0:00:30]} 37. Ke2 {[%emt 0:00:23]} Bc3 {[%emt 0:00:51]} 38. Rd3 {[%emt 0:00:59]} (38. Bd3 $142) 38... Be4 {[%emt 0:03:17]} 39. Rd1 {[%emt 0:00:17]} Bc2 {[%emt 0:00:32]} 40. Rc1 {[%emt 0:00:34]} Re4+ {[%emt 0:01:56]} 41. Kf2 {[%emt 0:03:06]} Bb3 {[%emt 0:02:01]} 42. Rb1 {[%emt 0:02:57]} Ba2 {[%emt 0:04:12]} 43. Rd1 {[%emt 0:01:41]} Ke6 {[%emt 0:03:27]} 44. g3 {[%emt 0:08:58]} Kd5 {[%emt 0:02:49]} 45. Ng1 {[%emt 0:04:10]} (45. Nd2 $142 Re3 46. Nb1) 45... Bc4 $19 {[%emt 0:04:00]} 46. Bxc4+ {[%emt 0:02:04]} Kxc4 {[%emt 0:00:07]} 47. Kf3 {[%emt 0:03:18]} Re1 {[%emt 0:02:44]} 48. Rxe1 {[%emt 0:00:13]} Bxe1 {[%emt 0:00:07]} 49. g4 {[%emt 0:01:26]} d3 {[%emt 0:01:54]} 50. Ke3 {[%emt 0:00:18]} d2 {[%emt 0:00:41]} 51. Ke2 {[%emt 0:00:03]} Kb4 {[%emt 0:00:20]} 0-1

[Event "GER-chT Youth Countries 2018"]
[Site "Wurzburg"]
[Date "2018.10.06"]
[Round "6"]
[White "Deuer, Marius"]
[Black "Genova, Magdalina"]
[Result "1/2-1/2"]
[WhiteElo "1711"]
[BlackElo "1425"]
[Annotator "NA RC"]
[PlyCount "82"]
[EventDate "2018.10.03"]
[EventType "team-tourn"]
[EventCountry "GER"]
[SourceTitle "playchess.com"]
[Source "ChessBase"]
[SourceQuality "1"]
[TimeControl "40/5400+30:1800+30"]

1. e4 {[%emt 0:00:00]} c5 {[%emt 0:00:15]} 2. Nf3 {[%emt 0:00:00]} d6 {[%emt 0:00:22]} 3. Bb5+ {[%emt 0:00:08]} Nd7 {[%emt 0:00:25]} 4. O-O {[%emt 0:00:10]} a6 {[%emt 0:00:11]} 5. Bd3 {[%emt 0:00:04]} Ngf6 {[%emt 0:03:02]} 6. Re1 {[%emt 0:02:58]} b5 {[%emt 0:00:49]} 7. c4 {[%emt 0:09:51]} b4 {[%emt 0:00:48]} 8. a3 {[%emt 0:01:15]} bxa3 {[%emt 0:24:28]} 9. Rxa3 {[%emt 0:07:29]} g6 {[%emt 0:04:05]} 10. b3 {[%emt 0:07:37]} Bg7 {[%emt 0:00:16]} 11. Bb2 {[%emt 0:00:14]} O-O {[%emt 0:05:23]} 12. Nc3 {[%emt 0:03:58]} Bb7 {[%emt 0:07:43]} 13. h3 {[%emt 0:08:31]} Ne5 {[%emt 0:15:08]} 14. Nxe5 {[%emt 0:02:46]} dxe5 {[%emt 0:00:20]} 15. Bf1 {[%emt 0:09:41]} Nd7 {[%emt 0:05:25]} 16. g3 {[%emt 0:06:31]} e6 {[%emt 0:07:22]} 17. Bg2 {[%emt 0:03:51]} f5 {[%emt 0:05:01]} 18. Na4 {[%emt 0:06:54]} Qc7 {[%emt 0:02:17]} 19. Bc3 {[%emt 0:01:36]} Rad8 {[%emt 0:02:19]} 20. Qc2 {[%emt 0:03:34]} f4 {[%emt 0:07:05]} 21. b4 {[%emt 0:01:27]} Rf7 {[%emt 0:05:20]} 22. h4 {[%emt 0:11:46]} Rc8 {[%emt 0:01:14]} 23. d3 {[%emt 0:01:41]} Rcf8 {[%emt 0:01:06]} 24. Bh3 {[%emt 0:01:00]} Re8 {[%emt 0:00:51]} 25. Qb3 {[%emt 0:02:09]} Qd6 {[%emt 0:00:32]} 26. bxc5 {[%emt 0:02:15]} Nxc5 {[%emt 0:00:37]} 27. Nxc5 {[%emt 0:00:14]} Qxc5 {[%emt 0:00:03]} 28. g4 {[%emt 0:00:17]} Bf8 {[%emt 0:00:39]} 29. Ra5 {[%emt 0:00:33]} Qa7 {[%emt 0:00:35]} 30. Bxe5 {[%emt 0:00:23]} Bc5 {[%emt 0:00:05]} 31. Re2 {[%emt 0:01:23]} Rd7 {[%emt 0:00:11]} 32. Bxf4 {[%emt 0:00:59]} Rf8 {[%emt 0:00:41]} 33. Be3 {[%emt 0:00:36]} Bxe3 {[%emt 0:00:12]} 34. Rxe3 {[%emt 0:01:53]} Rdf7 {[%emt 0:00:07]} 35. g5 {[%emt 0:00:52]} Bc8 {[%emt 0:01:02]} 36. Qc2 {[%emt 0:02:06]} Rxf2 {[%emt 0:01:16]} 37. Qxf2 {[%emt 0:00:06]} Rxf2 {[%emt 0:00:02]} 38. Kxf2 {[%emt 0:00:08]} Qb6 {[%emt 0:00:27]} 39. Ra2 {[%emt 0:00:25]} Qc5 {[%emt 0:00:55]} 40. Rd2 {[%emt 0:00:41]} e5 {[%emt 0:00:17]} 41. Bxc8 {[%emt 0:30:58]} Qxc8 {[%emt 0:30:04]} 1/2-1/2

[Event "GER-chT Youth Countries 2018"]
[Site "Wurzburg"]
[Date "2018.10.06"]
[Round "6"]
[White "Pohle, Saskia"]
[Black "Langer, Paul Georg"]
[Result "1-0"]
[WhiteElo "1690"]
[BlackElo "1348"]
[Annotator "NA RC"]
[PlyCount "79"]
[EventDate "2018.10.03"]
[EventType "team-tourn"]
[EventCountry "GER"]
[SourceTitle "playchess.com"]
[Source "ChessBase"]
[SourceQuality "1"]
[TimeControl "40/5400+30:1800+30"]

1. e4 {[%emt 0:00:00]} c5 {[%emt 0:00:00]} 2. Nf3 {[%emt 0:00:00]} d6 {[%emt 0:00:00]} 3. d4 {[%emt 0:00:00]} cxd4 {[%emt 0:00:00]} 4. Nxd4 {[%emt 0:00:00]} Nf6 {[%emt 0:00:02]} 5. Nc3 {[%emt 0:00:00]} a6 {[%emt 0:00:14]} 6. g3 {[%emt 0:00:00]} e5 {[%emt 0:00:39]} 7. Nde2 {[%emt 0:00:04]} Be7 {[%emt 0:00:26]} 8. Bg2 {[%emt 0:00:14]} Be6 {[%emt 0:00:20]} 9. O-O {[%emt 0:00:27]} O-O {[%emt 0:00:10]} 10. h3 {[%emt 0:00:11]} Nbd7 {[%emt 0:00:22]} 11. Be3 {[%emt 0:02:22]} Qc7 {[%emt 0:00:58]} 12. a4 {[%emt 0:05:53]} Rfc8 {[%emt 0:01:11]} 13. Qd2 {[%emt 0:00:51]} Bc4 {[%emt 0:07:13]} 14. Rfc1 {[%emt 0:01:21]} Qb8 {[%emt 0:14:18]} 15. g4 {[%emt 0:08:51]} Nc5 {[%emt 0:04:17]} 16. Ng3 {[%emt 0:02:54]} Be6 {[%emt 0:11:43]} 17. Nf5 {[%emt 0:04:12]} Bxf5 {[%emt 0:01:28]} 18. exf5 {[%emt 0:01:25]} h6 {[%emt 0:09:29]} 19. Re1 {[%emt 0:12:17]} Re8 {[%emt 0:08:30]} 20. Nd5 {[%emt 0:00:42]} Nxd5 {[%emt 0:03:03]} 21. Qxd5 {[%emt 0:00:17]} Rc8 {[%emt 0:09:42]} 22. b4 {[%emt 0:03:23]} Nd7 {[%emt 0:03:30]} 23. Qxb7 {[%emt 0:00:22]} Qxb7 {[%emt 0:01:57]} 24. Bxb7 {[%emt 0:00:09]} Rab8 {[%emt 0:00:20]} 25. Bxc8 {[%emt 0:00:18]} Rxc8 {[%emt 0:00:07]} 26. Rec1 {[%emt 0:00:56]} d5 {[%emt 0:01:09]} 27. b5 {[%emt 0:00:36]} d4 {[%emt 0:00:42]} 28. Bd2 {[%emt 0:00:23]} axb5 {[%emt 0:00:36]} 29. axb5 {[%emt 0:00:07]} Rb8 {[%emt 0:00:26]} 30. Ra7 {[%emt 0:00:30]} Rd8 {[%emt 0:04:42]} 31. Ba5 {[%emt 0:01:57]} Bc5 {[%emt 0:00:25]} 32. Rc7 {[%emt 0:04:36]} Bb6 {[%emt 0:01:10]} 33. Bxb6 {[%emt 0:00:16]} Nxb6 {[%emt 0:00:04]} 34. Rc6 {[%emt 0:00:45]} Rb8 {[%emt 0:01:16]} 35. Kg2 {[%emt 0:04:47]} Na4 {[%emt 0:01:29]} 36. Ra1 {[%emt 0:01:50]} Nc3 {[%emt 0:01:20]} 37. b6 {[%emt 0:00:34]} Nd5 {[%emt 0:00:40]} 38. Rb1 {[%emt 0:00:29]} Kf8 {[%emt 0:02:58]} 39. b7 {[%emt 0:01:01]} Ke7 {[%emt 0:01:47]} 40. Rc8 {[%emt 0:01:15]} 1-0

[Event "GER-chT Youth Countries 2018"]
[Site "Wurzburg"]
[Date "2018.10.06"]
[Round "6"]
[White "Abele, Anais"]
[Black "Reitz, Theresa"]
[Result "0-1"]
[WhiteElo "1679"]
[BlackElo "1788"]
[Annotator "NA RC"]
[PlyCount "100"]
[EventDate "2018.10.03"]
[EventType "team-tourn"]
[EventCountry "GER"]
[SourceTitle "playchess.com"]
[Source "ChessBase"]
[SourceQuality "1"]
[TimeControl "40/5400+30:1800+30"]

1. e4 {[%emt 0:00:00]} c5 {[%emt 0:00:00]} 2. Nf3 {[%emt 0:00:02]} e6 {[%emt 0:00:00]} 3. d4 {[%emt 0:00:37]} cxd4 {[%emt 0:00:00]} 4. Nxd4 {[%emt 0:00:26]} Bc5 {[%emt 0:00:00]} 5. Nb3 {[%emt 0:01:53]} Bb6 {[%emt 0:00:11]} 6. Bd3 {[%emt 0:02:01]} Ne7 {[%emt 0:00:25]} 7. Nc3 {[%emt 0:01:16]} O-O {[%emt 0:00:13]} 8. O-O {[%emt 0:02:24]} f5 {[%emt 0:01:09]} 9. exf5 {[%emt 0:05:05]} Nxf5 {[%emt 0:04:17]} 10. Qe2 {[%emt 0:05:50]} Nc6 {[%emt 0:02:03]} 11. g4 {[%emt 0:07:57]} Nfd4 {[%emt 0:12:47]} 12. Nxd4 {[%emt 0:05:19]} Nxd4 {[%emt 0:06:42]} 13. Qe4 {[%emt 0:07:33]} Nf3+ {[%emt 0:02:30]} 14. Kh1 {[%emt 0:08:28]} Qh4 {[%emt 0:05:45]} 15. Bf4 {[%emt 0:04:06]} Rxf4 {[%emt 0:37:05]} 16. Qxf4 {[%emt 0:03:08]} Bc7 {[%emt 0:01:01]} 17. Qxc7 {[%emt 0:09:59]} e5 {[%emt 0:00:28]} 18. Kg2 {[%emt 0:00:54]} d5 {[%emt 0:18:15]} 19. h3 {[%emt 0:23:25]} Bxg4 {[%emt 0:02:06]} 20. Rh1 {[%emt 0:03:56]} Rf8 {[%emt 0:04:02]} 21. Nd1 {[%emt 0:03:23]} Bh5 22. Kf1 Qg5 {[%emt 0:01:22]} 23. Ne3 {[%emt 0:01:35]} d4 {[%emt 0:00:59]} 24. Ng4 {[%emt 0:00:53]} Kh8 {[%emt 0:00:06]} 25. Be2 {[%emt 0:00:34]} Nd2+ {[%emt 0:00:21]} 26. Ke1 {[%emt 0:00:22]} e4 {[%emt 0:00:36]} 27. Qd6 {[%emt 0:00:43]} Re8 {[%emt 0:00:28]} 28. Qxd4 {[%emt 0:00:50]} Nf3+ {[%emt 0:00:33]} 29. Bxf3 {[%emt 0:00:12]} exf3+ {[%emt 0:00:00]} 30. Kd1 {[%emt 0:00:33]} Rd8 {[%emt 0:00:10]} 31. c3 {[%emt 0:00:24]} Rxd4+ {[%emt 0:00:09]} 32. cxd4 {[%emt 0:00:06]} Bxg4 {[%emt 0:00:23]} 33. hxg4 {[%emt 0:00:09]} Qb5 {[%emt 0:00:47]} 34. Re1 {[%emt 0:00:25]} Qd3+ {[%emt 0:00:19]} 35. Kc1 {[%emt 0:00:13]} h6 {[%emt 0:00:07]} 36. Rd1 {[%emt 0:00:59]} Qc4+ {[%emt 0:00:20]} 37. Kb1 {[%emt 0:00:59]} Qe2 {[%emt 0:00:06]} 38. Kc1 {[%emt 0:00:45]} Qxf2 {[%emt 0:00:16]} 39. d5 {[%emt 0:01:16]} Qc5+ {[%emt 0:00:50]} 40. Kb1 {[%emt 0:00:35]} f2 {[%emt 0:00:00]} 41. d6 {[%emt 0:03:56]} Qxd6 42. Kc2 {[%emt 0:03:44]} Qc6+ {[%emt 0:04:30]} 43. Kd2 {[%emt 0:00:30]} Qg2 44. Rf1 {[%emt 0:01:40]} Qxg4 {[%emt 0:01:17]} 45. Rxf2 {[%emt 0:01:36]} Qd4+ {[%emt 0:00:57]} 46. Ke1 {[%emt 0:00:33]} Qe4+ {[%emt 0:01:17]} 47. Kd2 {[%emt 0:01:40]} Qe5 {[%emt 0:00:18]} 48. Rb1 {[%emt 0:01:34]} Qd4+ {[%emt 0:00:12]} 49. Ke1 {[%emt 0:00:49]} Qe4+ 50. Kd2 {[%emt 0:00:59]} Qxb1 {[%emt 0:00:12]} 0-1

[Event "GER-chT Youth Countries 2018"]
[Site "Wurzburg"]
[Date "2018.10.06"]
[Round "6"]
[White "Mundt, Alexandra"]
[Black "Oberhofer, Marie"]
[Result "0-1"]
[WhiteElo "1679"]
[BlackElo "1724"]
[Annotator "NA RC"]
[PlyCount "78"]
[EventDate "2018.10.03"]
[EventType "team-tourn"]
[EventCountry "GER"]
[SourceTitle "playchess.com"]
[Source "ChessBase"]
[SourceQuality "1"]
[TimeControl "40/5400+30:1800+30"]

1. Nf3 {[%emt 0:00:00]} c5 {[%emt 0:00:00]} 2. b3 {[%emt 0:00:00]} Nc6 {[%emt 0:00:25]} 3. Bb2 {[%emt 0:00:00]} Nf6 {[%emt 0:04:52]} 4. g3 {[%emt 0:00:30]} e6 {[%emt 0:00:29]} 5. c4 {[%emt 0:00:58]} b6 {[%emt 0:02:42]} 6. Bg2 {[%emt 0:00:36]} Bb7 {[%emt 0:00:55]} 7. O-O {[%emt 0:02:46]} Be7 {[%emt 0:03:20]} 8. d4 {[%emt 0:01:59]} cxd4 {[%emt 0:00:13]} 9. Nxd4 {[%emt 0:00:42]} O-O {[%emt 0:02:17]} 10. Nc3 {[%emt 0:05:08]} Rb8 {[%emt 0:08:27]} 11. Ndb5 {[%emt 0:04:52]} d6 {[%emt 0:04:06]} 12. Ba3 {[%emt 0:07:41]} Ne8 {[%emt 0:08:28]} 13. Ne4 {[%emt 0:07:35]} d5 {[%emt 0:04:28]} 14. cxd5 {[%emt 0:02:11]} exd5 {[%emt 0:00:39]} 15. Bxe7 {[%emt 0:03:40]} Qxe7 {[%emt 0:03:27]} 16. Nec3 {[%emt 0:00:23]} Nf6 {[%emt 0:06:00]} 17. Re1 {[%emt 0:12:14]} Rfd8 {[%emt 0:06:32]} 18. e3 {[%emt 0:07:52]} a6 {[%emt 0:03:17]} 19. Nd4 {[%emt 0:00:25]} Ne4 {[%emt 0:01:56]} 20. Rc1 {[%emt 0:02:56]} Rbc8 {[%emt 0:06:16]} 21. Nxe4 {[%emt 0:23:07]} dxe4 {[%emt 0:01:07]} 22. Nxc6 {[%emt 0:08:51]} Bxc6 {[%emt 0:01:37]} 23. Qg4 {[%emt 0:00:10]} Bb7 {[%emt 0:04:38]} 24. Rcd1 {[%emt 0:04:45]} g6 {[%emt 0:05:26]} 25. Rd4 {[%emt 0:02:38]} Rxd4 {[%emt 0:01:52]} 26. exd4 {[%emt 0:00:02]} f5 {[%emt 0:00:51]} 27. Qe2 {[%emt 0:00:15]} Qb4 {[%emt 0:04:44]} 28. Rd1 {[%emt 0:00:36]} Qc3 {[%emt 0:07:08]} 29. d5 {[%emt 0:00:53]} Rd8 {[%emt 0:01:38]} 30. d6 {[%emt 0:00:32]} Qc6 {[%emt 0:01:28]} 31. Qd2 {[%emt 0:00:34]} Kf7 {[%emt 0:00:55]} 32. Bf1 {[%emt 0:00:19]} e3 {[%emt 0:01:41]} 33. Bc4+ {[%emt 0:00:28]} Kf8 {[%emt 0:01:16]} 34. fxe3 {[%emt 0:00:36]} Qh1+ {[%emt 0:00:41]} 35. Kf2 {[%emt 0:00:06]} Qxh2+ {[%emt 0:00:48]} 36. Kf1 {[%emt 0:01:00]} Qxg3 {[%emt 0:02:09]} 37. Qd4 {[%emt 0:00:30]} Bg2+ {[%emt 0:00:53]} 38. Ke2 {[%emt 0:00:15]} Bf3+ {[%emt 0:00:22]} 39. Kd2 {[%emt 0:00:10]} Rxd6 {[%emt 0:00:16]} 0-1

[Event "GER-chT Youth Countries 2018"]
[Site "Wurzburg"]
[Date "2018.10.06"]
[Round "6"]
[White "Amato, Cristiano"]
[Black "Kluehs, Gustaf"]
[Result "1-0"]
[WhiteElo "1661"]
[BlackElo "1775"]
[Annotator "NA RC"]
[PlyCount "39"]
[EventDate "2018.10.03"]
[EventType "team-tourn"]
[EventCountry "GER"]
[SourceTitle "playchess.com"]
[Source "ChessBase"]
[SourceQuality "1"]
[TimeControl "40/5400+30:1800+30"]

1. e4 {[%emt 0:00:00]} c5 {[%emt 0:00:00]} 2. Nc3 {[%emt 0:00:00]} Nc6 {[%emt 0:00:00]} 3. Bb5 {[%emt 0:00:00]} Nd4 {[%emt 0:01:54]} 4. Bc4 {[%emt 0:00:06]} g6 {[%emt 0:00:04]} 5. Nge2 {[%emt 0:00:49]} Bg7 {[%emt 0:04:43]} 6. Nxd4 {[%emt 0:00:17]} cxd4 {[%emt 0:00:07]} 7. Qf3 {[%emt 0:00:09]} Nh6 {[%emt 0:00:04]} 8. Ne2 {[%emt 0:00:46]} O-O {[%emt 0:00:03]} 9. d3 {[%emt 0:00:56]} Ng4 {[%emt 0:04:58]} 10. Bb3 {[%emt 0:01:13]} Ne5 {[%emt 0:00:45]} 11. Qg3 {[%emt 0:00:34]} Nc6 {[%emt 0:00:11]} 12. h4 {[%emt 0:01:18]} Be5 {[%emt 0:28:53]} 13. f4 {[%emt 0:00:49]} Bc7 {[%emt 0:05:00]} 14. h5 {[%emt 0:00:43]} e6 {[%emt 0:01:09]} 15. Qh3 {[%emt 0:04:01]} Ba5+ {[%emt 0:01:57]} 16. Kd1 {[%emt 0:01:01]} Qf6 {[%emt 0:01:54]} 17. hxg6 {[%emt 0:03:22]} Qxg6 {[%emt 0:01:34]} 18. f5 {[%emt 0:00:27]} Qg7 {[%emt 0:00:07]} 19. Bh6 {[%emt 0:00:54]} Qh8 {[%emt 0:00:03]} 20. Qg4+ {[%emt 0:00:19]} 1-0

[Event "GER-chT Youth Countries 2018"]
[Site "Wurzburg"]
[Date "2018.10.06"]
[Round "6"]
[White "Haenselmann, Hendrik"]
[Black "Boehm, Jana"]
[Result "1/2-1/2"]
[WhiteElo "1660"]
[BlackElo "2001"]
[Annotator "NA RC"]
[PlyCount "84"]
[EventDate "2018.10.03"]
[EventType "team-tourn"]
[EventCountry "GER"]
[SourceTitle "playchess.com"]
[Source "ChessBase"]
[SourceQuality "1"]
[TimeControl "40/5400+30:1800+30"]

{[%evp 22,84,38,0,19,0,15,0,13,16,13,-20,0,-12,-12,-52,-35,-42,-31,-40,-17,-26,-26,-34,-34,-38,-25,-99,-85,-162,-152,-147,-174,-180,-114,32767,32767,32767,32767,32767,-75,-84,-79,-68,-73,-105,-94,-151,-178,-181,-194,-177,-136,-146,-182,-147,-193,-172,0,0,32767,32767,32767,32767,0]} 1. e4 {[%emt 0:00:00]} c5 {[%emt 0:00:00]} 2. Nf3 {[%emt 0:00:00]} d6 {[%emt 0:00:00]} 3. d4 {[%emt 0:00:00]} cxd4 {[%emt 0:00:00]} 4. Nxd4 {[%emt 0:00:00]} Nf6 {[%emt 0:00:00]} 5. Nc3 {[%emt 0:00:00]} a6 {[%emt 0:00:00]} 6. a4 {[%emt 0:00:00]} e5 {[%emt 0:00:01]} 7. Nf3 {[%emt 0:00:00]} Qc7 {[%emt 0:00:11]} 8. Bg5 {[%emt 0:00:59]} Nbd7 {[%emt 0:00:18]} 9. Nd2 {[%emt 0:02:42]} h6 {[%emt 0:00:19] B90: Sicilian Najdorf: Unusual White 6th moves, 6 Be3 Ng4 and 6 Be3 e5} 10. Bxf6 {[%emt 0:01:07]} (10. Bh4 g5 11. Bg3 Nc5 12. h4 g4 13. h5 Be6 14. Bh4 Ncd7 15. g3 Rc8 16. Bg2 Qb6 17. Rb1 Qb4 18. Nd5 Nxd5 19. exd5 {½-½ (60) Onischuk,V (2630)-Livaic,L (2468) Budapest 2018}) 10... Nxf6 {[%emt 0:00:31]} 11. Bc4 {[%emt 0:00:22]} Be7 {[%emt 0:01:18]} 12. O-O {[%emt 0:00:12]} O-O {[%emt 0:01:30]} 13. Re1 {[%emt 0:02:57]} Be6 {[%emt 0:01:39]} 14. Bb3 {[%emt 0:00:27]} Rac8 {[%emt 0:11:26]} 15. Nf1 {[%emt 0:03:30]} Bd8 $146 {[%emt 0:26:16]} ({Predecessor:} 15... Qc6 16. Ne3 Bd8 17. Qd3 Ba5 18. Ncd5 Bxd5 19. Bxd5 Nxd5 20. exd5 {½-½ (64) Leks,H (2212)-Zawadzka,J (2353) Warsaw 2006}) 16. Qd3 {[%emt 0:03:50]} Qc5 {[%emt 0:02:31]} 17. Ne3 {[%emt 0:05:34]} Ba5 {[%emt 0:02:05]} 18. Ned1 {[%emt 0:13:31]} Rfe8 {[%emt 0:09:10]} 19. Re3 {[%emt 0:04:02]} Rcd8 {[%emt 0:07:08]} 20. Nd5 {[%emt 0:04:26]} Nxd5 {[%emt 0:01:57]} 21. Bxd5 {[%emt 0:01:41]} Bxd5 {[%emt 0:00:10]} 22. exd5 {[%emt 0:00:40]} Rc8 {[%emt 0:03:45]} 23. c3 {[%emt 0:02:02]} Bd8 {[%emt 0:02:25]} 24. Rg3 {[%emt 0:03:05]} (24. Re1 $11 {keeps the balance.}) 24... e4 {[%emt 0:02:41]} 25. Qe3 {[%emt 0:02:23]} (25. Qe2 $17) 25... Bg5 $1 {[%emt 0:02:11]} 26. Qxc5 {[%emt 0:04:24]} Rxc5 {[%emt 0:00:05]} 27. Ne3 {[%emt 0:00:21] [#]} Bf4 {[%emt 0:01:14]} (27... Re5 $1 $19 28. Rf1 f5) 28. Rh3 {[%emt 0:01:06]} Bxe3 {[%emt 0:00:04]} 29. Rxe3 {[%emt 0:00:22]} Rxd5 {[%emt 0:00:06]} 30. f3 {[%emt 0:00:23]} Rde5 {[%emt 0:01:59]} 31. Rd1 {[%emt 0:01:12]} exf3 {[%emt 0:02:05]} 32. Rxf3 {[%emt 0:00:14]} Re2 {[%emt 0:01:41]} 33. b4 {[%emt 0:02:28]} Rc2 {[%emt 0:02:29]} 34. Rf2 {[%emt 0:02:25]} Rxc3 {[%emt 0:00:46]} 35. Rxd6 {[%emt 0:00:36]} Rc1+ {[%emt 0:04:33]} 36. Rf1 {[%emt 0:00:11]} Rc2 {[%emt 0:01:37]} 37. Rd7 {[%emt 0:01:13]} Ree2 {[%emt 0:01:23]} 38. Rfxf7 {[%emt 0:00:40]} Rxg2+ {[%emt 0:00:13]} 39. Kf1 {[%emt 0:00:16]} Rxh2 $2 {[%emt 0:01:44]} (39... b6 $19 40. Ra7 Ra2) 40. Rxg7+ {[%emt 0:00:15]} Kf8 {[%emt 0:01:21]} 41. Rgf7+ {[%emt 0:30:06]} Ke8 {[%emt 0:30:20]} 42. Rfe7+ {[%emt 0:00:11]} Kf8 $11 {[%emt 0:00:04]} 1/2-1/2